| 000 | 004060000a22001570004500 | ||
|---|---|---|---|
| 041 | 0 | _aSPA | |
| 082 | 0 | 4 | _aG 253.4 C3341c |
| 245 | 1 | 0 | _aCurso para el obrero personal |
| 260 | _aSpringfield, MO., USA : Casa Bautista de Publicaciones | ||
| 300 | _a167 Pag | ||
| 001 | 6385 | ||
| 942 | _cBK | ||
| 999 |
_c36657 _d36657 |
||
| 336 |
_atexto _btxt _2rdacontent |
||
| 337 |
_2rdamedia _asin mediación _bn |
||
| 338 |
_2rdacarrier _avolumen _bnc |
||